000 00367 a2200169 4500
001 184057
020 _a85-08-03599-3
040 _cMagnum
100 _aFranco, Silvia Cintra
240 1 0 _aNa barreira do inferno
_lpor
245 1 0 _aNa barreira do inferno
300 _a87
362 0 _a1992
440 1 _aÁtica
697 _aLITERATURA JUVENIL
942 _cBK
999 _c184057
_d184057